[Event "Galego-ch U14"]
[Site "Viveiro"]
[Date "2016.02.07"]
[Round "3.3"]
[White "Lobato Rey, Pablo"]
[Black "Rodriguez Ferreiros, Andres"]
[Result "1-0"]
[WhiteElo "1358"]
[BlackElo "1670"]
[PlyCount "129"]
[EventDate "2016.02.06"]
[EventType "swiss"]
[EventRounds "8"]
[EventCountry "ESP"]
[SourceTitle "EXT 2024"]
[Source "ChessBase"]
[SourceDate "2023.10.10"]
[SourceVersion "1"]
[SourceVersionDate "2023.10.10"]
[SourceQuality "1"]

1. e4 e6 2. d3 d5 3. Nd2 Nf6 4. Ngf3 c5 5. g3 Nc6 6. Bg2 Be7 7. 0-0 0-0 8. c3 b6 9. e5 Nd7 10. Re1 Qc7 11. Qe2 Ba6 12. Nf1 Rfd8 13. Bf4 c4 14. d4 b5 15. h4 b4 16. Ng5 h6 17. Nh3 bxc3 18. bxc3 Qa5 19. Qd2 Nf8 20. Nh2 Ng6 21. Be3 Bf8 22. Ng4 Nce7 23. h5 Nh8 24. Bxh6 gxh6 25. Nf6+ Kg7 26. Qc2 Nhg6 27. Nf4 Rab8 28. Bf3 Bb5 29. hxg6 Nxg6 30. Nxg6 fxg6 31. Bh5 Be8 32. Kg2 Qc7 33. Rh1 Qf7 34. Bg4 Be7 35. Qd2 Bxf6 36. Qxh6+ Kg8 37. exf6 Qxf6 38. Bxe6+ Bf7 39. Bxf7+ Kxf7 40. Qh7+ Qg7 41. Rae1 Re8 42. Qxg7+ Kxg7 43. Re5 Rxe5 44. dxe5 Rb2 45. Rd1 Rxa2 46. Rxd5 Ra3 47. f4 a5 48. Rc5 Ra1 49. Rxc4 a4 50. Rc7+ Kf8 51. Ra7 a3 52. c4 a2 53. c5 Ke8 54. c6 Kd8 55. e6 Rc1 56. Rxa2 Rxc6 57. Re2 Ke7 58. Kf3 Rxe6 59. Rxe6+ Kxe6 60. Ke4 Kf6 61. g4 Ke6 62. g5 Kf7 63. Kd5 Ke7 64. Ke5 Kf7 65. Kd6 1-0